书目信息 |
| 题名: |
怎样教好各类课文
|
|
| 作者: | ;上海教育出版社 编 | |
| 分册: | ||
| 出版信息: | 上海 上海教育出版社 1981 |
|
| 页数: | 122页 | |
| 开本: | 19cm | |
| 丛书名: | ||
| 单 册: | ||
| 中图分类: | G623.2 , G622 | |
| 科图分类: | ||
| 主题词: | 语文-教学法--小学 , 教学法-语文--小学 | |
| 电子资源: | ||
| ISBN: | ||
| 000 | 00831nam0 2200277 45 | |
| 001 | 0181007308 | |
| 005 | 20061111085155.14 | |
| 010 | @dCNY0.30 | |
| 091 | @a7150.2510 | |
| 100 | @a19950629d1981 emky0chiy0121 ea | |
| 101 | 0 | @achi |
| 102 | @aCN@b310000 | |
| 105 | @ay z 000yy | |
| 106 | @ar | |
| 200 | 10 | @a怎样教好各类课文@Azen yang jiao hao ge lei ke wen@e小学语文教学经验选编@f上海教育出版社编 |
| 210 | @a上海@c上海教育出版社@d1981 | |
| 215 | @a122页@d19cm | |
| 517 | 1 | @a小学语文教学经验选编@Axiao xue yu wen jiao xue jing yan xuan bian |
| 606 | @a语文-教学法@x小学 | |
| 606 | @a教学法-语文@x小学 | |
| 690 | @aG623.2@v3 | |
| 690 | @aG622 | |
| 711 | 02 | @a上海教育出版社@Ashang hai jiao yu chu ban she@4编 |
| 801 | 0 | @aCN@b上海图书馆@c20061111 |
| 801 | 2 | @aCN@bNLC@c20040425 |
| 905 | @f2@b55601-602@dG622@e58 | |
| 怎样教好各类课文:小学语文教学经验选编/上海教育出版社编.-上海:上海教育出版社,1981 |
| 122页;19cm |
| ISBN :CNY0.30 |
| ● |
| 相关链接 |
|
|
|
|
正题名:怎样教好各类课文
索取号:G622/58
 
预约/预借
| 序号 | 登录号 | 条形码 | 馆藏地/架位号 | 状态 | 备注 |
| 1 | 0055601 | 000465552 | 密集书库/ [索取号:G622/58] | 在馆 | |
| 2 | 0055602 | 000465259 | 第一样本阅览室/ [索取号:G622/58] | 在馆 |